000 00980nam a2200265 i 4500
001 bg
111 2 _aKonferencja Systemy Czasu Rzeczywistego
_n(7 ;
_d2000 ;
_cKraków).
245 0 4 _aVII konferencja Systemy Czasu Rzeczywistego :
_bKraków, 25-28 września 2000 : wykłady zaproszone /
_cred. Tomasz Szmuc.
246 1 4 _aSystemy Czasu Rzeczywistego 2000
260 _aKraków :
_bKatedra Automatyki Akademii Górniczo-Hutniczej,
_c2001.
300 _a152 s. :
_bil. ;
_c24 cm.
500 _aTyt. okł. i grzbiet.: Systemy Czasu Rzeczywistego 2000. - Streszcz. ang.
504 _aBibliogr.
650 9 _aPrzetwarzanie danych w czasie rzeczywistym
650 9 _aSystemy informatyczne
_xstosowanie
_xprzemysł
655 _aMateriały konferencyjne
700 1 _aSzmuc, Tomasz.
_eRed.
020 _a8391425711
040 _cBPK
041 0 _apol
_beng
080 _a004.031.43(061)
920 _a83-914257-1-1
942 _cKS
008 s pl f |000 0 pol
999 _c42850
_d42850
856 _uhttp://koha.tu.koszalin.pl/cgi-bin/koha/opac-detail.pl?biblionumber=42850
_yKatalog online BPK